Fatigue, stress and strain of rubber components: A guide for design engineers (Record no. 43055)

MARC details
000 -LEADER
fixed length control field 00564nam a2200193Ia 4500
020 ## - INTERNATIONAL STANDARD BOOK NUMBER
ISBN :9781569904312
082 ## - DEWEY DECIMAL CLASSIFICATION NUMBER
Classification number NR:62:678.06
Item number BAU
100 ## - MAIN ENTRY--AUTHOR NAME
Personal name Bauman, J T
245 #0 - TITLE STATEMENT
Title Fatigue, stress and strain of rubber components: A guide for design engineers
260 ## - PUBLICATION, DISTRIBUTION, ETC. (IMPRINT)
Place of publication Hanser Publications
Name of publisher Germany
Year of publication 2008
650 ## - SUBJECT ADDED ENTRY--TOPICAL TERM
Topical Term Elastomers
650 ## - SUBJECT ADDED ENTRY--TOPICAL TERM
Topical Term Finite element analysis
650 ## - SUBJECT ADDED ENTRY--TOPICAL TERM
Topical Term Reinforcement
650 ## - SUBJECT ADDED ENTRY--TOPICAL TERM
Topical Term Rubber products
650 ## - SUBJECT ADDED ENTRY--TOPICAL TERM
Topical Term Stress-strain behaviour
650 ## - SUBJECT ADDED ENTRY--TOPICAL TERM
Topical Term Vulcanization
942 ## - ADDED ENTRY ELEMENTS (KOHA)
Koha item type Books
Holdings
Withdrawn status Lost status Damaged status Not for loan Home library Current library Date acquired Cost, normal purchase price Full call number Accession Number Koha item type
        RRII Library RRII Library 16/12/2021 129.95 NR:62:678.06 BAU 23320 Books